Statistieken voor WR - kenmerkende aspecten - havo 4 HS 1-3

Klik hier om de quiz te nemen!

Algemene statistieken

  • Deze quiz is 202 keer genomen
    (176 sinds de laatste reset)
  • De gemiddelde score is 8 van 23

Antwoordstatistieken

periode#hintkenmerkende aspectkernbegrip% Correct
prehistorie en ouhheid1de levenswijze van ______-___________jagers-verzamelaarsprehistorie
100%
2het ontstaan van ______ __ ______landbouw en landbouwsamenlevingenagrarische revolutie
79%
5__ ________ __________ van de Grieks-Romeinse cultuurde klassieke vormentaalklassieke cultuur
74%
3het ontstaan van __ ______ __________ _____________de eerste stedelijke gemeenschappenhet schrift
69%
6__ _____ ___ ___ ________ ________ waardoor de Grieks-Romeinse cultuur zich in Europa verspreiddede groei van het Romeinse imperiumromanisering
67%
4de ontwikkeling van _________________ ______ en het denken over burgerschap __ ________ __ __ _______ __________wetenschappelijk denken en politiek in de Griekse stadsstaatdirecte democratie
62%
7__ ___________ ______ __ ______-_______ _______ __ __ _________ _______ van Noordwest-Europade confrontatie tussen de Grieks-Romeinse cultuur en de Germaanse cultuurvolksverhuizingen
55%
10Het ontstaan en __ ___________ ___ __ _____de verspreiding van de islamislam
50%
middeleeuwen9__ ____________ ___ ___ _________ in geheel Europade verspreiding van het christendommissionaris
50%
11De vrijwel volledige vervanging in West-Europa van de agrarisch-urbane cultuur door een zelfvoorzienende agrarische cultuur, georganiseerd via __________ __ _________hofstelsel en horigheidautarkie
45%
8de ontwikkeling van ___ ________ __ ___ __________ ___ ______ _____________ ____________het jodendom en het christendom als eerste monotheïstische godsdienstenmonotheïsme
36%
21De protestantse __________ die splitsing van de christelijke kerk in West-Europa tot gevolg hadReformatieprotestantisme
29%
12___ _________ ___ _______ ____________ in het bestuurhet ontstaan van feodale verhoudingentrouw
26%
TIJDSCHARNIER (jaartal) - Val Romeinse RijkTIJDSCHARNIER (jaartal) - Val Romeinse RijkTIJDSCHARNIER (jaartal) - Val Romeinse Rijk500
19%
15Het conflict in de christelijek wereld over de vraag of de wereldlijke dan wel de geestelijke macht het promaat behoorde te hebben (_________________)investituurstrijdtweezwaardenleer
17%
13De opkomst van handel en ambacht die de basis legde voor het ________ ___ ___ ______-______ ___________herleven van een agrarisch-urbane samenlevinggeldeconomie
12%
14De opkomst van de stedelijke burgerij en de _________ ______________ ___ ______toenemende zelfstandigheid van stedenstadsrecht
12%
TIJDSCHARNIER (jaartal) - Begin Renaissance1500
7%
17Het ___ ___ _____________ __ _____________begin van staatsvorming en centralisatieparlement
5%
16__ ________ ____ __ ___________ ______ ____ ______ ___, onder andere in de vorm van kruistochtende expansie van de christelijke wereld naar buiten toekruistochten
5%
vroegmoderne tijd18Het _____ ___ __ ________ _______ _________begin van de Europese overzeese expansieontdekkingsreizen
2%
20De __________ __________ __ het erfgoed van __ ________ _______hernieuwde oriëntatie op de klassieke oudheidhumanisme
2%
19___ ____________ ___- __ ___________ ___ __ ___________ __ ___ _____ ___ ___ ______ _______________ ______________het veranderende mens- en wereldbeeld van de renaissance en het begin van een nieuwe wetenschappelijke belangstellingrenaissance
0%

Scoreverdeling

Percentiel versus Aantal Correcte Antwoorden

Procent van Mensen met Elke Score

Uw Scoregeschiedenis

U heeft deze quiz nog niet genomen sinds de laatste reset